|
|
|
|
| LEADER |
00000nab#a22000007a#4500 |
| 001 |
arbauad041454 |
| 003 |
AR-BaUAD |
| 005 |
20250711113236.0 |
| 008 |
991112|||||||||###||||||b###|0###a|spa|| |
| 040 |
|
|
|a AR-BaUAD
|c AR-BaUAD
|b spa
|
| 100 |
|
|
|a Heinemann, Larry
|
| 245 |
|
|
|a Vietnam :
|b reflexes and reflections /
|c Larry Heinemann;
|
| 300 |
0 |
|
|b fot., il.
|
| 500 |
|
|
|a Imágenes tomadas del libro: "Vietnam: Reflexes and Reflections de Harry Abrams (1998).
|
| 653 |
|
|
|a DISEÑO GRAFICO
|
| 653 |
|
|
|a VIETNAM
|
| 653 |
|
|
|a GUERRA
|
| 773 |
0 |
|
|t GRAPHIS
|g Nº322 [jul.-ago. 1999], p. 86-95
|
| 942 |
|
|
|c ARTI
|
| 952 |
|
|
|0 0
|1 0
|4 0
|7 0
|9 86373
|a AR-BAuAD
|b AR-BAuAD
|d 2025-07-11
|l 0
|p AAQA041454
|r 2025-07-11 11:32:36
|w 2025-07-11
|y ARTI
|
| 990 |
|
|
|a DG199
|b TD
|
| 998 |
|
|
|a AAQ
|b BIBUN76
|
| 999 |
|
|
|c 66046
|d 66046
|